| 000 | 00825nam a2200229Ia 4500 | ||
|---|---|---|---|
| 001 | Z_3286 | ||
| 008 | 220601s9999 xx 000 0 und d | ||
| 090 | _aFolleto 369 | ||
| 100 |
_aFideicomisos Instituidos en Relación con la Agricultura. México _9139140 |
||
| 245 | _aLas sociedades cooperativas : una opción organizativa en el medio rural Título Las sociedades cooperativas : una opción organizativa en el medio rural / por FIRA | ||
| 260 | _aMéxico, D. F. : FIRA | ||
| 300 | _a59 p. | ||
| 440 |
_aFIRA. Boletín informativo XIX (181) _9140471 |
||
| 500 | _a | ||
| 503 | _a | ||
| 650 |
_a1. Sociedades cooperativas - Colima 2. Desarrollo ruralÌ _9180286 |
||
| 901 | _aFolleto 369 | ||
| 902 | _aA | ||
| 905 | _a0000001986 0000000000 00 | ||
| 942 | _c14 | ||
| 999 |
_c216903 _d216903 |
||